Osobyj status Velikobritanii v Jevropejskom sojuze
Špeciálne postavenie Veľkej Británie v Európskej únii. Požiadavky Veľkej Británie na reformy v rámci EÚ. Vzťah britských politikov a verejnosti k Brexitu - k otázke vystúpenia z EÚ. Postoj EÚ k Brexitu. Dopady Brexitu na Veľkú Britániu.
Uložené v:
| Hlavný autor: | |
|---|---|
| Ďalší autori: | |
| Médium: | Kapitola |
| Jazyk: | Russian |
| Predmet: | |
| Tagy: |
Žiadne tagy, Buďte prvý, kto otaguje tento záznam!
|
MARC
| LEADER | 00000nla a2200000 4500 | ||
|---|---|---|---|
| 001 | 0215071 | ||
| 005 | 20240502083540.1 | ||
| 041 | 0 | |a rus | |
| 044 | |a MD | ||
| 245 | 1 | 0 | |a Osobyj status Velikobritanii v Jevropejskom sojuze |c Ľudmila Lipková, Boris Mattoš |
| 520 | |a Špeciálne postavenie Veľkej Británie v Európskej únii. Požiadavky Veľkej Británie na reformy v rámci EÚ. Vzťah britských politikov a verejnosti k Brexitu - k otázke vystúpenia z EÚ. Postoj EÚ k Brexitu. Dopady Brexitu na Veľkú Britániu. | ||
| 610 | 2 | 0 | |a Európska únia |
| 610 | 2 | 0 | |a Veľká Británia |
| 610 | 2 | 0 | |a integrácia ekonomická medzinárodná |
| 610 | 2 | 0 | |a reformy |
| 610 | 2 | 0 | |a referendum |
| 610 | 2 | 0 | |a vzťahy medzinárodné |
| 610 | 2 | 0 | |a politika medzinárodná |
| 100 | 1 | |a Lipková, Ľudmila | |
| 700 | 1 | |a Mattoš, Boris, 1977- | |